| 000 | 02607cam a2200577 i 4500 | ||
|---|---|---|---|
| 999 |
_c1847 _d1847 |
||
| 001 | 19572482 | ||
| 003 | OSt | ||
| 005 | 20230208080629.0 | ||
| 008 | 170327s2017 meua j 000 1 eng d | ||
| 010 | _a 2017937850 | ||
| 020 |
_a9780884485223 _q(hardcover) |
||
| 035 | _a(OCoLC)ocn975091921 | ||
| 040 |
_aYDX _beng _erda _cYDX _dBDX _dCHILD _dPPN _dOCLCQ _dOCLCF _dMEA _dUAP _dVHP _dIGA _dCKE _dIHX _dPFLCL _dOCLCO _dUIU _dOCL _dEHH _dCZA _dOCLCQ _dBLP _dDLC _dKH8 |
||
| 042 | _alccopycat | ||
| 082 | 0 | 4 |
_aFIC ROE _223 |
| 100 | 1 |
_aRoelfs, R. Lynne, _eauthor. |
|
| 245 | 1 | 0 |
_aAna and the sea star / _cR. Lynne Roelfs ; illustrated by Jamie Hogan. |
| 264 | 1 |
_aThomaston, Maine : _bTilbury House Publishers, _c[2017] |
|
| 300 |
_a1 volume (unpaged) : _bcolor illustrations ; _c27 cm. |
||
| 336 |
_atext _2rdacontent |
||
| 336 |
_astill image _2rdacontent |
||
| 337 |
_aunmediated _2rdamedia |
||
| 338 |
_avolume _2rdacarrier |
||
| 490 | 1 | _aTilbury House nature book | |
| 520 | _aA young girl finds a starfish on the beach and wants to show it to her mother at home, but doesn't want to take it from its home. With encouragement from her dad and a little imagination, Ana is able to let the sea star go and yet keep it with her at the same time. | ||
| 650 | 0 |
_aStarfishes _vJuvenile fiction. |
|
| 650 | 0 |
_aMarine animals _vJuvenile fiction. |
|
| 650 | 0 | _aPicture books for children. | |
| 650 | 1 |
_aStarfishes _vFiction. |
|
| 650 | 1 |
_aMarine animals _vFiction. |
|
| 650 | 4 | _aJUVENILE FICTION / Animals / Marine Life. | |
| 650 | 4 | _aJUVENILE FICTION / Imagination & Play. | |
| 650 | 4 | _aJUVENILE FICTION / Nature & the Natural World / Environment. | |
| 650 | 7 |
_aJUVENILE FICTION _xAnimals _xMarine Life. _2bisacsh |
|
| 650 | 7 |
_aJUVENILE FICTION _xImagination & Play. _2bisacsh |
|
| 650 | 7 |
_aJUVENILE FICTION _xNature & the Natural World _xEnvironment. _2bisacsh |
|
| 650 | 7 |
_aPicture books for children. _2fast _0(OCoLC)fst01063717 |
|
| 650 | 7 |
_aMarine animals. _2fast _0(OCoLC)fst01009386 |
|
| 650 | 7 |
_aStarfishes. _2fast _0(OCoLC)fst01131621 |
|
| 655 | 7 |
_aFiction. _2fast _0(OCoLC)fst01423787 |
|
| 655 | 7 |
_aJuvenile works. _2fast _0(OCoLC)fst01411637 |
|
| 655 | 7 |
_aPicture books. _2fast _0(OCoLC)fst01726789 |
|
| 655 | 7 |
_aPicture books for children. _2lcgft |
|
| 655 | 7 |
_aPicture books. _2lcgft |
|
| 700 | 1 |
_aHogan, Jamie, _eillustrator. |
|
| 830 | 0 | _aTilbury House nature book. | |
| 906 |
_a7 _bcbc _ccopycat _d2 _encip _f20 _gy-gencatlg |
||
| 942 |
_2ddc _cFIC |
||